Every Country In The World Scrambled Up - Statistics

General Stats
  • This quiz has been taken 220 times
    218 since last reset
  • The average score is 131 of 195
Answer Stats
Scrambled Unscrambled % Correct
EYTPG Egypt
100%
DAHC Chad
98%
HICAN China
97%
RSSUAI Russia
96%
STOUH REKOA South Korea
96%
IFJI Fiji
95%
NIAID India
95%
ACAAND Canada
93%
NHTOR AREKO North Korea
93%
ERPU Peru
93%
SAIPN Spain
93%
FlNDANL Finland
92%
XMEIOC Mexico
91%
STHOU FIRAAC South Africa
91%
EEWSDN Sweden
90%
ZBRILA Brazil
89%
NRAI Iran
89%
YIATL Italy
89%
PJNAA Japan
89%
AAAPNM Panama
89%
SNUDA Sudan
89%
ASOL Laos
88%
BUAC Cuba
85%
PLNADO Poland
85%
ECFARN France
84%
NROYAW Norway
84%
GOOT Togo
83%
LHIEC Chile
82%
SIANEODNI Indonesia
82%
YIBAL Libya
82%
LIMA Mali
82%
RMIAONA Romania
82%
WNE ANEZLEDA New Zealand
81%
ARQI Iraq
80%
AAOMS Samoa
80%
DGNABLASHE Bangladesh
79%
HAAGN Ghana
79%
YKEAN Kenya
79%
NOAM Oman
79%
UAAPP WNE NUEAIG Papua New Guinea
79%
MYEEN Yemen
79%
OVILABI Bolivia
78%
CCEZH PILCBUER Czech Republic
77%
ITHIA Haiti
77%
LIYAAAMS Malaysia
77%
PERBUILC FO HTE OONGC Republic of the Congo
77%
EKARMDN Denmark
76%
LMAAT Malta
76%
GANMOLIO Mongolia
76%
TQRAR Qatar
76%
GNOALA Angola
75%
EGYNMAR Germany
75%
ECEREG Greece
75%
PLAEN Nepal
75%
DNITUE TTSSEA FO RAMCEIA United States Of America
75%
PYSRUC Cyprus
74%
TLAAMAEUG Guatemala
74%
IAENUG Guinea
74%
NMCAOO Monaco
74%
ULAAP Palau
74%
DISUA AAABIR Saudi Arabia
74%
RYKEUT Turkey
74%
MAAZIB Zambia
74%
IAAACJM Jamaica
73%
UTIAWK Kuwait
73%
TWOBSNAA Botswana
72%
ODNARJ Jordan
72%
LAIWAM Malawi
72%
NTOAG Tonga
72%
NEDTIU NMKIGDO United Kingdom
72%
EIBNN Benin
71%
GEANIRI Nigeria
71%
VLAUTU Tuvalu
71%
TVILAA Latvia
70%
GREIN Niger
70%
TVAAICN TYCI Vatican City
70%
SURTAIA Austria
69%
LIMUGBE Belgium
69%
SOABIN NAD ZREEHVGONIA Bosnia And Herzegovina
69%
IRS NAAKL Sri Lanka
69%
YAIRS Syria
69%
GRUUUYA Uruguay
69%
BBAEWMZI Zimbabwe
69%
AAAHGFINSTN Afghanistan
68%
ULATRUAAIS Australia
68%
URSLABE Belarus
68%
HANTUB Bhutan
68%
LE VOLRDAAS El Salvador
68%
TALAIV Latvia
68%
NYMAARM Myanmar
68%
NSA RIAMON San Marino
68%
SAGNIROPE Singapore
68%
OHTUS DUANS South Sudan
68%
TDNALEZRIWS Switzerland
68%
DDNAIRIT DNA BOOGTA Trinidad and Tobago
68%
TEVINMA Vietnam
68%
ZEBILE Belize
67%
BRUOEMGXLU Luxembourg
67%
GDAANU Uganda
67%
BOGNA Gabon
66%
YAAUNG Guyana
66%
LAVMOOD Moldova
66%
ELSOVIAN Slovenia
66%
LEGAIAR Algeria
65%
IKNAURB SAFO Burkina Faso
65%
TCENRLA CFNIRAA URELIPBC Central African Republic
65%
RYOVI SOCTA Ivory Coast
65%
VLASKIAO Slovakia
65%
TEH MAAGBI The Gambia
65%
NUALEVEEZ Venezuela
65%
MRCEDITCOA EUPRLBCI FO HTE OOGNC Democratic Republic of the Congo
64%
BTDUOJII Djibouti
64%
TNZAAANI Tanzania
64%
REAGOIG Georgia
63%
MIIBAAN Namibia
63%
GPRYAAAU Paraguay
63%
PEAC EEDRV Cape Verde
62%
GYNHURA Hungary
62%
LDNAEIC Iceland
62%
QZMOEUMAIB Mozambique
62%
RLGAPTUO Portugal
62%
ANATIW Taiwan
62%
AAITNGU DNA BBAARUD Antigua And Barbuda
61%
JBAAREZIAN Azerbaijan
61%
HAASMAB Bahamas
61%
NRBUIE Brunei
61%
RALISE Israel
61%
NTAAASKKHZ Kazakhstan
61%
BLEIIRA Liberia
61%
IELHCNETEINST Liechtenstein
61%
TREHELSADNN Netherlands
61%
KASIPTNA Pakistan
61%
GASEENL Senegal
61%
RIBASE Serbia
61%
OOOMLSN ANDISLS Solomon Islands
61%
NDTEIU BRAA TMARISEE United Arab Emirates
61%
BLAAAIN Albania
60%
AABBDRSO Barbados
60%
GYYRKNTASZ Kyrgyzstan
60%
IIIPPPSNEHL Philippines
60%
LAAMSIO Somalia
60%
JANTSTIKAI Tajikistan
60%
TISAN TINNCEVI NAD HET EEAINSDGRN Saint Vincent And The Grenadines
59%
LLHCYESES Seychelles
59%
MIENARA Armenia
58%
BOACMIDA Cambodia
58%
TUEQARIAOL IAENUG Equatorial Guinea
58%
AAAARGCSDM Madagascar
58%
DRAANW Rwanda
58%
AOS MOTE DNA IIEPCRPN São Tomé And Príncipe
58%
NIITSUA Tunisia
58%
UURNA Nauru
57%
TIANS TITSK NAD VESIN Saint Kitts And Nevis
57%
UUAANTV Vanuatu
57%
MRSCOOO Comoros
56%
RAAITCO Croatia
56%
RRIEATE Eritrea
56%
PHTAOIIE Ethiopia
56%
NLDRIAE Ireland
56%
BLAEONN Lebanon
56%
DRINUUB Burundi
55%
LLAASMHR LSADNSI Marshall Islands
55%
LBIRGAAU Bulgaria
54%
MRAEOCON Cameroon
54%
LABMOIOC Colombia
54%
OIIANCNMD EUICLBPR Dominican Republic
54%
IITBAIKR Kiribati
54%
OENTNMORGE Montenegro
54%
SATOC CRAI Costa Rica
53%
EIANGU SUASIB Guinea Bissau
53%
MDOIINAC Dominica
52%
HELOOTS Lesotho
52%
CDEMANOAI Macedonia
51%
IITSUURAM Mauritius
51%
COOMRO Moroco
51%
KIURENA Ukraine
51%
HNIARABA Bahrain
48%
VMLADISE Maldives
48%
NSTANEKMKURTI Turkmenistan
48%
BITANSEKUZ Uzbekistan
48%
UTIAANMIRA Mauritania
47%
DURNHOSA Honduras
46%
TUNAAIHLI Lithuania
46%
NUEMAIRS Suriname
46%
NISTA CILAU Saint Lucia
45%
MESIAICRON Micronesia
43%
WNIISEAT Eswatini
41%
NGDAARE Grenada
41%
CRAAAINUG Nicaragua
41%
RSIRAE OLNEE Sierra Leone
40%
SETA MTRIO East Timor
38%
TEASNIO Estonia
38%
NITANRAEG Argentina
33%
UDROCEA Ecuador
33%
RAARDON Andorra
32%
No matching quizzes found
Score Distribution
Percent of People with Each Score
Percentile by Number Answered
Your Score History
You have not taken this quiz since the last reset